| 000 | 00491nam a2200205Ia 4500 | ||
|---|---|---|---|
| 005 | 20250320134543.0 | ||
| 008 | 240331s9999 xx 000 0 und d | ||
| 082 |
_bNAD _a894 |
||
| 100 | _aNadarajan, T.S | ||
| 245 | 0 | _aThiranaivuk kolkaikal | |
| 260 |
_aShivagangai _bAnam ( Pvt) Ltd _c1990 |
||
| 300 | _a166 p ., | ||
| 650 | _aamaippiyal | ||
| 650 | _aariviyal | ||
| 650 | _aUllavayil | ||
| 650 | _aSamuthaayaviyal | ||
| 650 | _anadaiyiyal | ||
| 650 | _amaarksiyaviyal | ||
| 942 | _cL | ||
| 999 |
_c4065 _d4065 |
||